Capillary electrophoresis methods for pharmaceutical analysis (Record no. 118044)

MARC details
000 -LEADER
fixed length control field 00388nam a2200145Ia 4500
008 - FIXED-LENGTH DATA ELEMENTS--GENERAL INFORMATION
fixed length control field 230917s9999||||xx |||||||||||||| ||und||
040 ## - CATALOGING SOURCE
-- 100412
Original cataloging agency VIVEKANANDA LIBRARY
041 ## - Language
-- English
082 ## - DDC NUMBER
Classification number 615.190 1 L973C
100 ## - MAIN ENTRY--PERSONAL NAME
Personal name Lunn, George
245 #0 - TITLE STATEMENT
Title Capillary electrophoresis methods for pharmaceutical analysis
260 ## - PUBLICATION, DISTRIBUTION, ETC. (IMPRINT)
Place of publication, distribution, etc New York
Name of publisher, distributor, etc John Wiley
Date of publication, distribution, etc 1999
300 ## - PHYSICAL DESCRIPTION
Pages 1544 p.
942 ## - ADDED ENTRY ELEMENTS (KOHA)
Koha item type Books
Holdings
Withdrawn status Lost status Damaged status Not for loan Location (home branch) Sublocation or collection (holding branch) Date acquired Koha issues (times borrowed) Koha full call number Accession No. Koha date last seen Koha item type
        VIVEKANANDA LIBRARY VIVEKANANDA LIBRARY 19/01/2004   615.190 1 L973C 209392 17/09/2023 Books
© Designed and Maintained by Vivekananda Library, MDU Rohtak